ბათუმის შოთა რუსთაველის სახელმწიფო უნივერსიტეტის ბიბლიოთეკა

Clashing over commerce : (ბიბ.ჩანაწერი № 57701)

000 -LEADER
fixed length control field 00990cam a2200265 i 4500
001 - CONTROL NUMBER
control field 19625935
005 - DATE AND TIME OF LATEST TRANSACTION
control field 20221108162948.0
008 - FIXED-LENGTH DATA ELEMENTS--GENERAL INFORMATION
fixed length control field 170504s2017 iluab 000 0 eng c
010 ## - LIBRARY OF CONGRESS CONTROL NUMBER
LC control number 2017021822
020 ## - INTERNATIONAL STANDARD BOOK NUMBER
International Standard Book Number 9780226678443 X
041 ## - LANGUAGE CODE
Language code of text/sound track or separate title eng
080 ## - UNIVERSAL DECIMAL CLASSIFICATION NUMBER
Universal Decimal Classification number 330.8 I-84
100 1# - MAIN ENTRY--PERSONAL NAME
Personal name Irwin, Douglas A.,
Dates associated with a name 1962-
Relator term author.
9 (RLIN) 9494
245 10 - TITLE STATEMENT
Title Clashing over commerce :
Remainder of title a history of US trade policy /
Statement of responsibility, etc. Douglas A. Irwin.
264 #1 - PRODUCTION, PUBLICATION, DISTRIBUTION, MANUFACTURE, AND COPYRIGHT NOTICE
Place of production, publication, distribution, manufacture Chicago :
Name of producer, publisher, distributor, manufacturer The University of Chicago Press,
Date of production, publication, distribution, manufacture, or copyright notice [2017].
300 ## - PHYSICAL DESCRIPTION
Extent 860 pages :
Other physical details illustrations, maps ;
Dimensions 24 cm.
490 1# - SERIES STATEMENT
Series statement Markets and governments in economic history
650 #0 - SUBJECT ADDED ENTRY--TOPICAL TERM
Topical term or geographic name entry element Tariff
Geographic subdivision United States
General subdivision History.
9 (RLIN) 9495
651 #0 - SUBJECT ADDED ENTRY--GEOGRAPHIC NAME
Geographic name United States
General subdivision Commercial policy
-- History.
9 (RLIN) 9496
653 ## - INDEX TERM--UNCONTROLLED
keyword ეკონომიკა
653 ## - INDEX TERM--UNCONTROLLED
keyword კომერცია
830 #0 - SERIES ADDED ENTRY--UNIFORM TITLE
Uniform title Markets and governments in economic history.
9 (RLIN) 9497
942 ## - ADDED ENTRY ELEMENTS (KOHA)
Source of classification or shelving scheme
Koha item type წიგნი
ეგზემპლარები
Withdrawn status Lost status Source of classification or shelving scheme Damaged status Not for loan Permanent Location Current Location Shelving location Date acquired Cost, normal purchase price Full call number Barcode Date last seen Copy number Price effective from Koha item type Public note
          ბათუმის შოთა რუსთაველის სახელმწიფო უნივერსიტეტის მთავარი ბიბლიოთეკა ბათუმის შოთა რუსთაველის სახელმწიფო უნივერსიტეტის მთავარი ბიბლიოთეკა წიგნსაცავი 2020-09-10 84.70 330.8 I-84 61025 2020-09-10 61025 2020-09-10 წიგნი 84 ლ. 70თ.